1159 1773 1086 1584 1172 1015 1546 1837 1111 1657 1446 1213 1311 1064 1884 1150 1805 1610 1940 1375 1178 1169 1780 1363 1191 1092 1368 1268 1502 1886 1201 1428 1961 1899 1231 1011 1664 1134 1187 1334 1517 1014 1733 1564 1616 1620 1487 1824 1086 1346 1996 1727 1538 1102 1358 1103 1862 1760 1400 1829 1774 1834 1498 1707 1380 1902 1411 1034 1490 1674 1572 1723 1895 1028 1806 1311 1307 1841 1803 1388 1601 1558 1919 1962 1728 1256 1412 1734 1460 1602 1620 1847 1058 1732 1234 1043 1410 1849 1193 BCNSPRNW ULIB Ver.6.0+V

เปลี่ยนเป็นภาษาไทย

Change to English
 แสดงรายละเอียดบรรณานุกรม
  กลับหน้าหลัก

Brief Record : Get Marc (ISO 2709) : E-mail record : QR code < ปิดหน้าต่าง
LEADER : 00000nam 2200000uu 4500
001    13399115281
003     ULIB
008    120809s2553||||th 000 0 tha d
020    ^a9786161500184
060 04 ^aWO100^bส733ต
100 0  สุทธิพร จิตต์มิตรภาพ
245 00 ^aตำราศัลยศาสตร์ /^cสุทธิพร จิตต์มิตรภาพ, พัฒน์พงศ์ นาวีเจริญ, บรรณาธิการ
250    ^aพิมพ์ครั้งที่ 11 (ฉบับปรับปรุงใหม่)
260    ^aกรุงเทพฯ :^bคณะแพทยศาสตร์ จุฬาลงกรณ์มหาวิทยาลัย,^c2553
300    ^a1198 หน้า :^bภาพประกอบ ;^c26 ซม.
650  7 ^aศัลยศาสตร์
650  7 ^aศัลยศาสตร์^xตำราเรียน
700 0  ^aสุทธิพร จิตต์มิตรภาพ,^eบรรณาธิการ
700 0  ^aพัฒน์พงศ์ นาวีเจริญ,^eบรรณาธิการ
710 2  ^aจุฬาลงกรณ์มหาวิทยาลัย. ^bคณะแพทยศาสตร์
945    ^p800^l0^i17039
945    ^p800^l0^i21401
995    ^aทศพร
999 ^a ใช้งานได้ทุกระบบ
รายการนี้ยังไม่มีแท็ก
คุณยังไม่ได้ล็อกอิน คุณสามารถมีกิจกรรมร่วมกับเว็บไซต์ได้ แต่ต้องล็อกอินก่อน ::
  ล็อกอิน

รายการสื่อสารสนเทศ

ลำดับที่ ประเภท เลขเรียก/บาร์โค้ด สถานที่ สถานะ
1. วิทยาศาสตร์การแพทย์ และสุขภาพ
วิทยาศาสตร์การแพทย์ และสุขภาพ
สถานะ=หนังสือเก่า
WO100 ส733ต ฉ.1 
  Barcode: 17039
ห้องสมุดวิทยาเขตนครสวรรค์
►ส่วนจัดเก็บหนังสือเก่า นว.
บนชั้น
  ขอยืม
2. วิทยาศาสตร์การแพทย์ และสุขภาพ
วิทยาศาสตร์การแพทย์ และสุขภาพ
สถานะ=หนังสือเก่า
WO100 ส733ต ฉ.2 
  Barcode: 21401
ห้องสมุดวิทยาเขตนครสวรรค์
►ส่วนจัดเก็บหนังสือเก่า นว.
บนชั้น
  ขอยืม

รายการใกล้เคียง
    ผู้แต่ง [สุทธิพร จิตต์มิตรภาพ]

    หัวเรื่อง [ศัลยศาสตร์]

BibComment


ยังไม่เคยถูกคอมเมนท์

คอมเมนท์ทรัพยากรรายการนี้
  คอมเมนท์: ตำราศัลยศาสตร์ ..


 Copyright 2026. Bcnsprnw @Library